| 000 | 00476nam a2200157Ia 4500 | ||
|---|---|---|---|
| 005 | 20250310014449.0 | ||
| 008 | 240331s9999 xx 000 0 und d | ||
| 082 |
_bZAF _a342 |
||
| 100 | _aZafrullah, H.M | ||
| 245 | 0 | _aSri Lanka's Hybrid presidential and parliamentary system | |
| 260 |
_aKuala lumpur _bUniversity of Malaya Press _c1981 |
||
| 300 | _aXxii, 140 p., | ||
| 650 | _aParliaments - underdeveloped Areas | ||
| 650 | _aSeparation of powers - Sri Lanka | ||
| 942 | _cL | ||
| 999 |
_c2839 _d2839 |
||